Holland and the Dutch colonies /

Bibliographic Details
Main Author: Macgregor, John, 1797-1857
Format: Microform Book
Language:English
Published: London : Whittaker, 1848.
Subjects:

MARC

Tag First Indicator Second Indicator Subfields
LEADER 00000cam a2200000 a 4500
001 in00000092099
005 20151008064149.0
007 he bm----b---
008 801023r19781848kyu b 00010 eng d
035 |a (OCoLC)06852420 
035 |9 AAK3655AM 
040 |a RRR  |c RRR  |d TXA  |d UtOrBLW 
043 |a e-ne---  |a a-io--- 
049 |a TXAI 
099 |a fiche  |a C  |a 3747 
100 1 |a Macgregor, John,  |d 1797-1857. 
245 1 0 |a Holland and the Dutch colonies /  |c by John MacGregor. 
264 1 |a London :  |b Whittaker,  |c 1848. 
300 |a 223 pages ;  |c 25 cm. 
336 |a text  |b txt  |2 rdacontent 
337 |a microform  |b h  |2 rdamedia 
338 |a microfiche  |b he  |2 rdacarrier 
500 |a "Sabin : 43289." 
500 |a "Copied from the original in the Library of Congress." 
533 |a Microfiche.  |b Louisville, [Ky.] :  |c Lost Cause Press,  |d 1978.  |e 4 microfiches ; 11 x 15 cm.  |f ([Bibliotheca Americana. Selected Americana. Microfiche ed. / J. Sabin]) (Fiche book) 
500 |a Microform. 
651 0 |a Netherlands  |x Commerce. 
651 0 |a Netherlands  |x Economic conditions. 
651 0 |a Indonesia  |x Economic conditions. 
999 |a MARS 
999 f f |s 1027c2c3-4d58-332d-bd2e-9dc2381edc2e  |i 223c8c7e-d51f-3388-a12a-d3b22bf159fa  |t 0 
952 f f |p normal  |a Texas A&M University  |b College Station  |c Sterling C. Evans Library  |d Evans: Microforms (3rd floor)  |t 0  |e fiche C 3747  |h Other scheme  |i microform -- microfiche  |m A14821395946 
998 f f |a fiche C 3747  |t 0  |l Evans: Microforms (3rd floor)